Statistiques concernant Les plus grands as de la première guerre mondiale

Cliquez ici pour prendre le quiz!

Statistiques générales

  • Ce quiz a été pris 39 fois
  • Le résultat moyen est 5 sur 35

Statistiques - réponses

Nombre de victoiresNationalitéAs% Correct
80AllemandManfred von Richthofen (Le Baron Rouge)
81%
53FrançaisGeorges Guynemer
68%
75FrançaisRené Fonck
68%
43FrançaisCharles Nungesser
16%
62AllemandErnst Udet
14%
34ItalienFrancesco Baracca
14%
68BritanniqueEdward Mannock
11%
26AmericainEdward.V. Rickenbacker
11%
41FrançaisGeorges Madon
11%
72CanadienWilliam Bishop
11%
11BelgeAndré de Meulemeester
8%
54Sud-AfricainAndrew Beauchamp-Proctor
8%
29Austro-HongroisBenno Fiala
8%
10BelgeEdmond Thieffry
8%
53AllemandErich Löwenhardt
8%
7BelgeFernand Jacquet
8%
31ItalienFlavio Baracchini
8%
30Austro-HongroisFrank Linke-Crawford
8%
40Austro-HongroisGodwin Brumowski
8%
57BritanniqueJames McCudden
8%
6BelgeJean Olieslagers
8%
48AllemandJosef Jacobs
8%
19Austro-HongroisJosef Kiss
8%
32Austro-HongroisJulius Arigi
8%
35FrançaisMaurice Boyau
8%
24ItalienPier Piccio
8%
17AmericainRaoul Gervais Lufbery
8%
62CanadienRaymond Collishaw
8%
26ItalienSilvio Scaroni
8%
48AllemandWerner Voss
8%
37BelgeWilly Coppens
8%
18AmericainAugust Iaccaci
5%
18AmericainFrank Luke
5%
20ItalienFulco Ruffo di Calabria
5%
22AmericainW.C. Lambert
5%

Distribution des résultats

Percentile par nombre de réponses

% des personnes avec chaque résultat

Votre développement - résultats

Vous n’avez pas pris ce quiz